00510nam a2200205Ia 4500003000400000005001700004008004100021020001800062040000700080041000800087082002400095100004000119245005700159250000600216260002000222300001600242365001400258650001400272650001800286OSt20230427125221.0210423s2012 xx 000 0 und d a9780415994774 cAL aeng a305.4201223b MCCC aMCCANN (Carole R);KIM (Seung Kyung) aFeminist theory reader:local and global perspectives a2 bRoutledgec2012 axii,562bPB b1250cINR aSociology aWomen Studies